| 000 | 00532nam a2200217Ia 4500 | ||
|---|---|---|---|
| 999 |
_c98164 _d98164 |
||
| 003 | 0100 | ||
| 005 | 20190319092817.0 | ||
| 008 | 130307s9999 xx 000 0 und d | ||
| 040 | _cARRUPELIB | ||
| 050 | _aBX2350.5.S961 1963 | ||
| 100 |
_aSurin, Jean-Joseph _945275 |
||
| 245 |
_aGuide spirituel _bpour la perfection |
||
| 260 |
_aParis _bBrouwer _c1963 |
||
| 300 | _a330p. | ||
| 300 | _b23 cm. | ||
| 440 |
_aCollection christus _n12 _945276 |
||
| 650 |
_aSpiritual life _xCatholic authors _95665 |
||
| 942 |
_2lcc _cMONOGRAPH |
||